[Event "25th Abu Dhabi Master 2018"]
[Site "Abu Dhabi"]
[Date "2018.08.11"]
[Round "4"]
[White "Hakobyan, Eduard"]
[Black "Daneshvar, Bardiya"]
[Result "0-1"]
[WhiteElo "2134"]
[BlackElo "2290"]
[Annotator "NA"]
[PlyCount "82"]
[EventDate "2018.08.05"]
[EventType "swiss"]
[EventCountry "UAE"]
[SourceTitle "playchess.com"]
[Source "ChessBase"]
[SourceQuality "1"]

1. e4 c6 2. d4 d5 3. e5 Bf5 4. Nd2 e6 5. Nb3 Nd7 6. Nf3 Ne7 7. Be2 h6 8. O-O g5 9. a4 Qc7 10. Bd2 b6 11. Bb4 c5 12. dxc5 bxc5 13. Ba5 Qc8 14. Bb5 Nc6 15. Re1 a6 16. Bxc6 Qxc6 17. Nbd2 Rb8 18. b3 Be7 19. h3 h5 20. Nh2 d4 21. Nc4 Nf8 22. f3 g4 23. hxg4 hxg4 24. Nxg4 Ng6 25. Bd2 Nh4 26. Nh6 Bh3 27. gxh3 Nxf3+ 28. Kf1 Nxd2+ 29. Qxd2 Qf3+ 30. Qf2 Qxf2+ 31. Kxf2 Bh4+ 32. Ke2 Bxe1 33. Nd6+ Ke7 34. Nhxf7 Bc3 35. Rh1 Rh5 36. Rg1 Rxh3 37. Rg7 Kf8 38. Rg6 d3+ 39. Kf2 dxc2 40. Ng5 Rh2+ 41. Kf3 Bxe5 0-1

[Event "25th Abu Dhabi Master 2018"]
[Site "Abu Dhabi"]
[Date "2018.08.11"]
[Round "4"]
[White "Villanueva, Nelson"]
[Black "Michelle Catherina, P."]
[Result "1/2-1/2"]
[WhiteElo "2133"]
[BlackElo "2153"]
[Annotator "NA"]
[PlyCount "156"]
[EventDate "2018.08.05"]
[EventType "swiss"]
[EventCountry "UAE"]
[SourceTitle "playchess.com"]
[Source "ChessBase"]
[SourceQuality "1"]

1. d4 Nf6 2. Nf3 e6 3. c4 d5 4. g3 Bb4+ 5. Bd2 Bd6 6. Qc2 O-O 7. Bg2 c6 8. O-O Nbd7 9. Rd1 Ne4 10. Nc3 f5 11. Ne1 Ndf6 12. b3 Nxd2 13. Qxd2 Bd7 14. Nd3 Be8 15. f3 Bc7 16. Nc5 Qe7 17. Qe3 Bf7 18. cxd5 Nxd5 19. Nxd5 cxd5 20. Rac1 Bd6 21. Nd3 Kh8 22. Ne5 g5 23. Rc2 Be8 24. f4 gxf4 25. Qxf4 Rd8 26. e3 Qf6 27. Rdc1 Bh5 28. a4 Rg8 29. b4 Be8 30. b5 Bh5 31. a5 Qg5 32. a6 bxa6 33. bxa6 Qxf4 34. exf4 Bxe5 35. dxe5 Be8 36. Rc7 Rg7 37. Rb7 Kg8 38. Bf1 Kf8 39. Kf2 Re7 40. Ke3 d4+ 41. Kd2 h6 42. Rxe7 Kxe7 43. Rc7+ Rd7 44. Rb7 Kf8 45. Bc4 Re7 46. Kd3 Bc6 47. Rxe7 Kxe7 48. Kxd4 Bg2 49. Kc5 Bf3 50. Bb5 Bg2 51. h3 h5 52. h4 Bf3 53. Bc4 Kd7 54. Bd3 Kc7 55. Bb5 Bd1 56. Kd4 Bf3 57. Bc4 Kd7 58. Ke3 Bd1 59. Ba2 Ke7 60. Bb1 Kd7 61. Bd3 Kc7 62. Bb5 Kd8 63. Bc6 Kc7 64. Bb7 Kd7 65. Kd2 Bg4 66. Bg2 Kc7 67. Bf1 Bf3 68. Bc4 Kd7 69. Bb3 Ke7 70. Ba4 Kd8 71. Ke3 Bg4 72. Kd4 Be2 73. Kc5 Kc7 74. Be8 Bf3 75. Bg6 Kd7 76. Bf7 Ke7 77. Bg6 Kd7 78. Bf7 Ke7 1/2-1/2

[Event "25th Abu Dhabi Master 2018"]
[Site "Abu Dhabi"]
[Date "2018.08.11"]
[Round "4"]
[White "Byron, Alan M"]
[Black "Parnali, S Dharia"]
[Result "1/2-1/2"]
[WhiteElo "2132"]
[BlackElo "2218"]
[Annotator "NA"]
[PlyCount "95"]
[EventDate "2018.08.05"]
[EventType "swiss"]
[EventCountry "UAE"]
[SourceTitle "playchess.com"]
[Source "ChessBase"]
[SourceQuality "1"]

1. e4 e5 2. Nf3 Nc6 3. Nc3 Nf6 4. Bb5 Bb4 5. O-O O-O 6. d3 d6 7. Bg5 Bxc3 8. bxc3 Ne7 9. Nh4 c6 10. Bc4 d5 11. Bb3 Be6 12. Qf3 Ne8 13. exd5 cxd5 14. Nf5 f6 15. Nxe7+ Qxe7 16. Be3 Nc7 17. Qg3 Nb5 18. Rae1 Nxc3 19. f4 e4 20. f5 Bf7 21. Kh1 Kh8 22. Bd4 Rfc8 23. Qh4 Nb5 24. Bb2 Nd6 25. Re3 h6 26. Ba3 Nxf5 27. Rxf5 Qxa3 28. dxe4 Rc3 29. Re1 Qb4 30. Ref1 Bg6 31. Rxf6 Qxe4 32. R6f4 Qe6 33. Qf2 Be4 34. Qd4 Rc7 35. c4 Qg6 36. R1f2 Rac8 37. h3 dxc4 38. Rg4 Qh7 39. Rxe4 cxb3 40. axb3 Qg6 41. Ref4 b6 42. Rf8+ Kh7 43. Qd5 Rxf8 44. Rxf8 Qg5 45. Qg8+ Kg6 46. Qe6+ Kh7 47. Qg8+ Kg6 48. Qe6+ 1/2-1/2

[Event "25th Abu Dhabi Master 2018"]
[Site "Abu Dhabi"]
[Date "2018.08.11"]
[Round "4"]
[White "Salonika, Saina"]
[Black "Varshini, V."]
[Result "1/2-1/2"]
[WhiteElo "2069"]
[BlackElo "2205"]
[Annotator "NA"]
[PlyCount "65"]
[EventDate "2018.08.05"]
[EventType "swiss"]
[EventCountry "UAE"]
[SourceTitle "playchess.com"]
[Source "ChessBase"]
[SourceQuality "1"]

1. e4 c5 2. Nf3 d6 3. d4 cxd4 4. Nxd4 Nf6 5. Nc3 a6 6. h3 e6 7. g4 b5 8. Bg2 Bb7 9. O-O Nfd7 10. a4 b4 11. Na2 a5 12. c3 bxc3 13. Nxc3 Be7 14. Ndb5 Nc5 15. Bf4 e5 16. Be3 Nba6 17. Nd5 Bxd5 18. Qxd5 O-O 19. Ra3 Nb4 20. Qd2 Qb6 21. Rc3 Rfd8 22. b3 Rac8 23. Rfc1 Qb8 24. Qe2 Qb6 25. Qd2 Rc6 26. Kh1 Rdc8 27. Rf1 Qa6 28. Rd1 Qa8 29. Kg1 Qb8 30. Kh1 Qa8 31. Kg1 Qb8 32. Kh1 Qa8 33. Kg1 1/2-1/2

[Event "25th Abu Dhabi Master 2018"]
[Site "Abu Dhabi"]
[Date "2018.08.11"]
[Round "4"]
[White "Priyanka, Kumari"]
[Black "Jubin Jimmy"]
[Result "1/2-1/2"]
[WhiteElo "2005"]
[BlackElo "2267"]
[Annotator "NA"]
[PlyCount "96"]
[EventDate "2018.08.05"]
[EventType "swiss"]
[EventCountry "UAE"]
[SourceTitle "playchess.com"]
[Source "ChessBase"]
[SourceQuality "1"]

1. e4 c6 2. d4 d5 3. exd5 cxd5 4. Bf4 Nc6 5. c3 Bf5 6. Nd2 e6 7. Qb3 Qd7 8. Ngf3 Nge7 9. Be2 Ng6 10. Bg3 Be7 11. O-O O-O 12. Rfe1 Na5 13. Qb5 Qxb5 14. Bxb5 a6 15. Bf1 b5 16. b4 Nc4 17. a4 h5 18. Nxc4 dxc4 19. Ne5 h4 20. Nxg6 Bxg6 21. Bf4 Bc2 22. a5 Rfd8 23. Be2 Ra7 24. h3 Bd6 25. Bxd6 Rxd6 26. Bf3 Bg6 27. Re3 Rad7 28. Rae1 Kf8 29. Be4 Bh5 30. Bf3 Bg6 31. Be4 Bh5 32. Bf3 Bg6 33. Re5 Ke7 34. Bg4 Rd5 35. f4 Kf6 36. Rxd5 Rxd5 37. Kf2 Bh5 38. Bxh5 Rxh5 39. Kf3 Rh6 40. g4 hxg3 41. Kxg3 Rh5 42. Kg4 Rd5 43. Rf1 Rf5 44. h4 Rd5 45. Re1 Kg6 46. Re2 Rf5 47. Re1 Rd5 48. Re2 Rf5 1/2-1/2

[Event "25th Abu Dhabi Master 2018"]
[Site "Abu Dhabi"]
[Date "2018.08.11"]
[Round "4"]
[White "Polakhare Aryan"]
[Black "Srija, Seshadri"]
[Result "0-1"]
[WhiteElo "1957"]
[BlackElo "2255"]
[Annotator "NA"]
[PlyCount "102"]
[EventDate "2018.08.05"]
[EventType "swiss"]
[EventCountry "UAE"]
[SourceTitle "playchess.com"]
[Source "ChessBase"]
[SourceQuality "1"]

1. e4 e5 2. Nf3 Nc6 3. Bc4 Nf6 4. Ng5 d5 5. exd5 Na5 6. Bb5+ c6 7. dxc6 bxc6 8. Bd3 Nd5 9. h4 Nf4 10. Bf1 f6 11. Nf3 Bd6 12. d3 O-O 13. g3 Ng6 14. Bg2 Bg4 15. O-O f5 16. Qe1 Rb8 17. Nh2 Bh5 18. Bd2 Bc7 19. b4 Nb7 20. Bxc6 Nxh4 21. gxh4 e4 22. f4 Rf6 23. Ba4 Bf7 24. Nc3 exd3 25. Rf3 Re6 26. Qf1 dxc2 27. Be1 Bb6+ 28. Kh1 Rc8 29. Bxc2 Rg6 30. Bf2 Nd6 31. Rd1 Qc7 32. Bb3 Bxb3 33. axb3 Qb7 34. Nd5 Bxf2 35. Qxf2 Ne4 36. Qe1 Rc2 37. Nf1 Rgg2 38. h5 Rgf2 39. Re3 Qf7 40. Rh3 Rce2 41. Qxe2 Rxe2 42. Ng3 Nf2+ 43. Kg2 Nxd1+ 44. Nxe2 Qxd5+ 45. Kf1 Qd2 46. h6 Ne3+ 47. Kf2 Ng4+ 48. Kf3 Qe3+ 49. Kg2 Qxe2+ 50. Kg1 Qf2+ 51. Kh1 Qf1# 0-1

[Event "25th Abu Dhabi Master 2018"]
[Site "Abu Dhabi"]
[Date "2018.08.11"]
[Round "5"]
[White "Rapport, Richard"]
[Black "Kravtsiv, Martyn"]
[Result "1/2-1/2"]
[WhiteElo "2719"]
[BlackElo "2654"]
[Annotator "TA"]
[PlyCount "31"]
[EventDate "2018.08.05"]
[EventType "swiss"]
[EventCountry "UAE"]
[SourceTitle "playchess.com"]
[Source "ChessBase"]
[SourceQuality "1"]

1. e4 e5 2. Nf3 Nc6 3. Bc4 Bc5 4. c3 Nf6 5. d3 O-O 6. b4 Be7 7. Nbd2 d5 8. Bb3 dxe4 9. dxe4 Qd3 10. Bb2 a5 11. Bc4 Qd6 12. b5 Nd8 13. a4 Ne6 14. Qc2 Nd7 15. O-O Nf4 16. g3 1/2-1/2

[Event "25th Abu Dhabi Master 2018"]
[Site "Abu Dhabi"]
[Date "2018.08.11"]
[Round "5"]
[White "Sargissian, Gabriel"]
[Black "Kadric, Denis"]
[Result "1-0"]
[WhiteElo "2680"]
[BlackElo "2537"]
[Annotator "TA"]
[PlyCount "79"]
[EventDate "2018.08.05"]
[EventType "swiss"]
[EventCountry "UAE"]
[SourceTitle "playchess.com"]
[Source "ChessBase"]
[SourceQuality "1"]

1. d4 d6 2. Nf3 Nc6 3. g3 e5 4. d5 Nce7 5. c4 Nf6 6. Nc3 Ng6 7. e4 Be7 8. Bg2 a5 9. h4 h6 10. Nd2 Bd7 11. Nf1 Qc8 12. Ne3 b6 13. Qd3 Nf8 14. Bd2 N8h7 15. O-O-O Ng4 16. Nxg4 Bxg4 17. f3 Bd7 18. f4 Nf6 19. Rdf1 Ng4 20. Bf3 h5 21. f5 Nf6 22. Bg5 Qd8 23. Kb1 g6 24. Bd1 Nh7 25. Bd2 Nf6 26. Ba4 Bxa4 27. Nxa4 Qd7 28. Nc3 Ng4 29. Nb5 Bf6 30. Rf3 Ke7 31. Rhf1 Rag8 32. fxg6 fxg6 33. c5 dxc5 34. d6+ cxd6 35. Nc3 Rf8 36. Nd5+ Ke6 37. Nxb6 Qd8 38. Qb3+ Ke7 39. Nd5+ Ke8 40. Bg5 1-0

[Event "25th Abu Dhabi Master 2018"]
[Site "Abu Dhabi"]
[Date "2018.08.11"]
[Round "5"]
[White "Korobov, Anton"]
[Black "Adly, Ahmed"]
[Result "1-0"]
[WhiteElo "2664"]
[BlackElo "2634"]
[Annotator "TA"]
[PlyCount "57"]
[EventDate "2018.08.05"]
[EventType "swiss"]
[EventCountry "UAE"]
[SourceTitle "playchess.com"]
[Source "ChessBase"]
[SourceQuality "1"]

1. d4 d5 2. c4 e6 3. Nc3 Nf6 4. Nf3 c6 5. Bg5 h6 6. Bh4 Be7 7. e3 Nbd7 8. Bd3 b6 9. O-O Bb7 10. cxd5 Nxd5 11. Nxd5 Bxh4 12. Nxh4 cxd5 13. Nf3 O-O 14. Qa4 a6 15. Rfc1 Rc8 16. Qa3 Re8 17. h3 Nb8 18. Ne5 Rc7 19. b4 Ree7 20. b5 a5 21. g4 g5 22. Kg2 f6 23. Ng6 Rg7 24. Rxc7 Rxc7 25. h4 Rg7 26. hxg5 hxg5 27. Rc1 Kf7 28. Rc7+ Kg8 29. Ne7+ 1-0

[Event "25th Abu Dhabi Master 2018"]
[Site "Abu Dhabi"]
[Date "2018.08.11"]
[Round "5"]
[White "Akopian, Vladimir"]
[Black "Kuybokarov, Temur"]
[Result "1/2-1/2"]
[WhiteElo "2655"]
[BlackElo "2499"]
[Annotator "TA"]
[PlyCount "86"]
[EventDate "2018.08.05"]
[EventType "swiss"]
[EventCountry "UAE"]
[SourceTitle "playchess.com"]
[Source "ChessBase"]
[SourceQuality "1"]

1. Nf3 d5 2. g3 Bg4 3. Bg2 c6 4. c4 e6 5. O-O dxc4 6. Ne5 h5 7. Nc3 Nd7 8. Nxc4 h4 9. d4 hxg3 10. fxg3 Ngf6 11. Bf4 Bh5 12. Nd6+ Bxd6 13. Bxd6 Nb6 14. Bc5 Bg6 15. e4 Nfd7 16. b4 Nxc5 17. bxc5 Nc4 18. Qd3 Ne5 19. Qd2 Nd7 20. Rab1 e5 21. d5 Nxc5 22. Qe3 Qd6 23. Rfc1 Rc8 24. dxc6 bxc6 25. Nb5 cxb5 26. Rxb5 O-O 27. Rbxc5 Rxc5 28. Qxc5 Qd2 29. Qc3 Qxa2 30. Qxe5 Rd8 31. Qg5 Re8 32. Qb5 Qe6 33. Rc6 Qd7 34. Qd5 Qg4 35. Rc4 Rb8 36. Rc1 Qe2 37. Kh1 a5 38. e5 a4 39. Qd6 Re8 40. Qd7 Rxe5 41. Qxa4 Be4 42. Bxe4 Rxe4 43. Qd1 Qxd1+ 1/2-1/2

[Event "25th Abu Dhabi Master 2018"]
[Site "Abu Dhabi"]
[Date "2018.08.11"]
[Round "5"]
[White "Parligras, Mircea-Emilian"]
[Black "Arjun, Kalyan"]
[Result "1-0"]
[WhiteElo "2645"]
[BlackElo "2390"]
[Annotator "TA"]
[PlyCount "89"]
[EventDate "2018.08.05"]
[EventType "swiss"]
[EventCountry "UAE"]
[SourceTitle "playchess.com"]
[Source "ChessBase"]
[SourceQuality "1"]

1. e4 e5 2. Nf3 Nc6 3. Bc4 Bc5 4. d3 Nf6 5. O-O O-O 6. Bg5 Be7 7. a4 d6 8. h3 h6 9. Bd2 Re8 10. Re1 Bf8 11. c3 Be6 12. Na3 d5 13. Bb5 Nd7 14. exd5 Bxd5 15. Nc4 Qf6 16. Ne3 Bxf3 17. Qxf3 Qxf3 18. gxf3 a6 19. Bc4 Na5 20. Ba2 Nc5 21. b4 Ncb3 22. bxa5 Nxd2 23. Kg2 Rad8 24. Red1 Rxd3 25. Nc4 Nxc4 26. Rxd3 Nxa5 27. Rd7 Re7 28. Rad1 Nc6 29. Rxe7 Bxe7 30. Rd7 Kf8 31. Rxc7 Nd8 32. Bd5 a5 33. Bxb7 Ne6 34. Rc8+ Bd8 35. Bd5 Nf4+ 36. Kf1 Ke7 37. Bxf7 Nxh3 38. c4 Nf4 39. c5 Kd7 40. Ra8 Bc7 41. Be8+ Ke7 42. Bc6 Bd8 43. Ra7+ Kf6 44. Be4 Ne6 45. Rd7 1-0

[Event "25th Abu Dhabi Master 2018"]
[Site "Abu Dhabi"]
[Date "2018.08.11"]
[Round "5"]
[White "Lupulescu, Constantin"]
[Black "Swapnil, S. Dhopade"]
[Result "1/2-1/2"]
[WhiteElo "2619"]
[BlackElo "2487"]
[Annotator "TA"]
[PlyCount "82"]
[EventDate "2018.08.05"]
[EventType "swiss"]
[EventCountry "UAE"]
[SourceTitle "playchess.com"]
[Source "ChessBase"]
[SourceQuality "1"]

1. e4 c6 2. d4 d5 3. exd5 cxd5 4. Nf3 Nc6 5. Ne5 e6 6. Bb5 Qc7 7. Bf4 Bd6 8. Qg4 Kf8 9. Bxc6 Nf6 10. Qf3 bxc6 11. O-O Nd7 12. Nxd7+ Bxd7 13. Bxd6+ Qxd6 14. Nd2 f6 15. Nb3 Kf7 16. Nc5 Rhe8 17. Rfe1 Rab8 18. b3 Re7 19. Re3 Rbe8 20. Rae1 Bc8 21. c3 e5 22. Qg3 Bf5 23. h4 g6 24. b4 Qc7 25. f3 h6 26. Kf2 Qb8 27. Qh2 h5 28. a3 Qc7 29. Kf1 Qb8 30. Kg1 Qc7 31. R1e2 Qb8 32. Qg3 Qc7 33. Kf1 Qb8 34. Ke1 Qc7 35. Kd2 Qb8 36. Ke1 Qc7 37. Kf2 Qb8 38. Kg1 Qc7 39. Kh2 Qb8 40. Kh1 Qc7 41. Re1 Qb8 1/2-1/2

[Event "25th Abu Dhabi Master 2018"]
[Site "Abu Dhabi"]
[Date "2018.08.11"]
[Round "5"]
[White "Gupta, Abhijeet"]
[Black "Rayes, Abdul Kader"]
[Result "1-0"]
[WhiteElo "2614"]
[BlackElo "2242"]
[Annotator "TA"]
[PlyCount "103"]
[EventDate "2018.08.05"]
[EventType "swiss"]
[EventCountry "UAE"]
[SourceTitle "playchess.com"]
[Source "ChessBase"]
[SourceQuality "1"]

1. d4 e6 2. c4 f5 3. Nf3 Nf6 4. g3 Bb4+ 5. Nbd2 b6 6. Bg2 Bb7 7. O-O a5 8. Nb1 Be7 9. d5 exd5 10. Nd4 g6 11. cxd5 Qc8 12. Nc3 O-O 13. Bh6 Rf7 14. Nf3 Bd6 15. e4 Ng4 16. Bd2 Ba6 17. Re1 Bc5 18. Be3 Nxe3 19. fxe3 d6 20. Ng5 Rf6 21. exf5 Qxf5 22. Nce4 Rf8 23. Bh3 Qe5 24. Qg4 h5 25. Qe6+ Qxe6 26. Nxe6 Nd7 27. Nxf8 Nxf8 28. Nxc5 bxc5 29. e4 Re8 30. e5 dxe5 31. Rac1 c4 32. Bf1 Nd7 33. Bxc4 Bxc4 34. Rxc4 Nb6 35. Rxc7 Nxd5 36. Rc5 Nf6 37. Rcxe5 Rb8 38. b3 a4 39. bxa4 Rb4 40. a5 Kg7 41. R1e2 h4 42. Kg2 hxg3 43. hxg3 Ra4 44. Re7+ Kh6 45. a6 Nh5 46. a7 Ra3 47. Rb7 Rxg3+ 48. Kf1 Ra3 49. Re8 Rxa2 50. a8=Q Rxa8 51. Rxa8 Ng3+ 52. Kg2 1-0

[Event "25th Abu Dhabi Master 2018"]
[Site "Abu Dhabi"]
[Date "2018.08.11"]
[Round "5"]
[White "Karthikeyan, Murali"]
[Black "Anand Nadar"]
[Result "1-0"]
[WhiteElo "2609"]
[BlackElo "2377"]
[Annotator "TA"]
[PlyCount "107"]
[EventDate "2018.08.05"]
[EventType "swiss"]
[EventCountry "UAE"]
[SourceTitle "playchess.com"]
[Source "ChessBase"]
[SourceQuality "1"]

1. e4 e5 2. Nf3 Nc6 3. Bb5 a6 4. Ba4 Nf6 5. O-O Be7 6. Re1 b5 7. Bb3 O-O 8. a4 b4 9. d4 d6 10. dxe5 dxe5 11. Nbd2 Bc5 12. Qe2 Qe7 13. Bc4 Na5 14. Bd3 Rd8 15. h3 Nh5 16. Nf1 h6 17. g4 Nf4 18. Bxf4 exf4 19. e5 Bb7 20. Be4 Bc6 21. Rad1 Rxd1 22. Rxd1 Rd8 23. Rxd8+ Qxd8 24. Bxc6 Nxc6 25. Qxa6 Nd4 26. Qd3 Nxf3+ 27. Qxf3 Qd4 28. b3 Qxe5 29. Kg2 Qd4 30. Qe2 Qd5+ 31. Kg1 g6 32. Nd2 Kg7 33. Nf3 Kf6 34. Kf1 Bb6 35. h4 Qc5 36. Ne1 g5 37. hxg5+ hxg5 38. Kg2 Qd5+ 39. Nf3 Qc5 40. Nd2 Kg7 41. Ne4 Qd5 42. Qf3 Kg6 43. Kf1 f5 44. Nxg5 Qd7 45. Nh3 fxg4 46. Qe4+ Kg7 47. Nxf4 Qd2 48. Qe7+ Kg8 49. Qg5+ Kh7 50. Qh5+ Kg7 51. Qxg4+ Kf7 52. Qe6+ Kf8 53. Qf5+ Kg8 54. Qd5+ 1-0

[Event "25th Abu Dhabi Master 2018"]
[Site "Abu Dhabi"]
[Date "2018.08.11"]
[Round "5"]
[White "Idani, Pouya"]
[Black "Ahmad, Al Khatib"]
[Result "1/2-1/2"]
[WhiteElo "2599"]
[BlackElo "2336"]
[Annotator "ChessBase"]
[PlyCount "62"]
[EventDate "2018.08.05"]
[EventType "swiss"]
[EventCountry "UAE"]
[SourceTitle "playchess.com"]
[Source "ChessBase"]
[SourceQuality "1"]

1. d4 Nf6 2. Nf3 g6 3. c4 Bg7 4. g3 O-O 5. Bg2 d6 6. O-O Nbd7 7. Nc3 e5 8. e4 exd4 9. Nxd4 Re8 10. h3 Nc5 11. Re1 a5 12. Rb1 c6 13. b3 Nfd7 14. Be3 Ne5 15. Re2 Qe7 16. Qc2 h5 17. Rd1 a4 18. f4 axb3 19. axb3 Ned7 20. Bf2 Na6 21. Na2 Nac5 22. b4 Ne6 23. Nf3 Nc7 24. Qd2 d5 25. cxd5 Nxd5 26. exd5 Qxe2 27. Re1 Rxa2 28. Qxa2 Qxa2 29. Rxe8+ Nf8 30. dxc6 bxc6 31. Rxc8 Qb1+ 1/2-1/2

[Event "25th Abu Dhabi Master 2018"]
[Site "Abu Dhabi"]
[Date "2018.08.11"]
[Round "5"]
[White "Pantsulaia, Levan"]
[Black "Short, Nigel D"]
[Result "1-0"]
[WhiteElo "2587"]
[BlackElo "2659"]
[Annotator "TA"]
[PlyCount "79"]
[EventDate "2018.08.05"]
[EventType "swiss"]
[EventCountry "UAE"]
[SourceTitle "playchess.com"]
[Source "ChessBase"]
[SourceQuality "1"]

1. Nf3 d5 2. g3 g6 3. Bg2 Bg7 4. d4 Nh6 5. O-O O-O 6. Nbd2 Nf5 7. c3 Nd6 8. Re1 Bf5 9. Nh4 c6 10. Nxf5 gxf5 11. Nb3 Nd7 12. Bf4 Nf6 13. Nc5 b6 14. Nd3 Rc8 15. a4 c5 16. e3 e6 17. h3 a5 18. g4 Nfe8 19. Qf3 c4 20. Nc1 fxg4 21. hxg4 f5 22. Ne2 Ne4 23. Qh3 Rc6 24. Bxe4 fxe4 25. Kg2 Rf7 26. Rh1 Bf6 27. Qg3 Bg5 28. Rh5 h6 29. Rah1 Qf6 30. Bxg5 hxg5 31. Rh8+ Qxh8 32. Rxh8+ Kxh8 33. Qe5+ Kg8 34. Ng3 Nf6 35. Qxg5+ Kf8 36. Qh4 Rcc7 37. g5 Ng8 38. Nh5 Rce7 39. Nf4 Ke8 40. Qg4 1-0

[Event "25th Abu Dhabi Master 2018"]
[Site "Abu Dhabi"]
[Date "2018.08.11"]
[Round "5"]
[White "Aravindh, Chithambaram VR"]
[Black "Nguyen, Anh Khoi"]
[Result "1/2-1/2"]
[WhiteElo "2581"]
[BlackElo "2454"]
[Annotator "TA"]
[PlyCount "87"]
[EventDate "2018.08.05"]
[EventType "swiss"]
[EventCountry "UAE"]
[SourceTitle "playchess.com"]
[Source "ChessBase"]
[SourceQuality "1"]

1. e4 c5 2. Nf3 d6 3. d4 cxd4 4. Nxd4 Nf6 5. Nc3 a6 6. h3 e5 7. Nde2 h5 8. g3 Be6 9. Bg2 Nbd7 10. a4 Be7 11. O-O Rc8 12. Be3 Nb6 13. b3 d5 14. Bxb6 Qxb6 15. Nxd5 Nxd5 16. exd5 Bd7 17. c4 Qd6 18. f4 e4 19. Bxe4 Bxh3 20. Bg2 Bd7 21. Bf3 h4 22. g4 O-O 23. Kh1 Rfe8 24. Qd3 Bf6 25. Rab1 Qc5 26. g5 Bd8 27. Be4 Bb6 28. Ng1 Qc7 29. d6 Bc6 30. dxc7 Bxe4+ 31. Qxe4 Rxe4 32. Rbe1 Rxe1 33. Rxe1 Bxc7 34. Nh3 Kf8 35. Kg2 Rd8 36. Re3 Bb6 37. Re2 Rd3 38. b4 Bc7 39. Re4 Rg3+ 40. Kh2 Ra3 41. Nf2 Rxa4 42. Nd3 Ra2+ 43. Kh3 Ra3 44. Rd4 1/2-1/2

[Event "25th Abu Dhabi Master 2018"]
[Site "Abu Dhabi"]
[Date "2018.08.11"]
[Round "5"]
[White "Istratescu, Andrei"]
[Black "Mithil, Ajgaonkar"]
[Result "1/2-1/2"]
[WhiteElo "2573"]
[BlackElo "2318"]
[Annotator "ChessBase"]
[PlyCount "120"]
[EventDate "2018.08.05"]
[EventType "swiss"]
[EventCountry "UAE"]
[SourceTitle "playchess.com"]
[Source "ChessBase"]
[SourceQuality "1"]

1. d4 d5 2. c4 c6 3. Nf3 Nf6 4. Nc3 e6 5. Bg5 Be7 6. e3 Nbd7 7. Qc2 O-O 8. Rd1 b6 9. Be2 Bb7 10. O-O Rc8 11. a3 c5 12. dxc5 Rxc5 13. b4 Rc8 14. Qa4 Bc6 15. b5 Nc5 16. Qc2 Bb7 17. Nd4 Nce4 18. Nxe4 Nxe4 19. Bxe7 Qxe7 20. Bd3 Nd6 21. Bxh7+ Kh8 22. Bd3 dxc4 23. Be2 Be4 24. Qb2 Qg5 25. g3 Qc5 26. f3 Bb7 27. a4 c3 28. Qc1 Rfd8 29. Rd3 e5 30. Nb3 Qb4 31. Qc2 e4 32. Rd4 Nc4 33. Bxc4 Rxd4 34. Nxd4 Rxc4 35. fxe4 Rxd4 36. exd4 Qxd4+ 37. Rf2 Bxe4 38. Qc1 c2 39. h4 Qc5 40. h5 Kg8 41. g4 Kh7 42. g5 Kg8 43. h6 gxh6 44. gxh6 Qh5 45. h7+ Qxh7 46. Qg5+ Qg6 47. Qxg6+ fxg6 48. Rf1 Bf3 49. Ra1 g5 50. Kf2 g4 51. Ke3 Kf7 52. Kd2 Be4 53. a5 Ke6 54. axb6 axb6 55. Ra6 g3 56. Rxb6+ Kd5 57. Rb8 g2 58. Rg8 Kc5 59. Rxg2 Bxg2 60. Kxc2 Kxb5 1/2-1/2

[Event "25th Abu Dhabi Master 2018"]
[Site "Abu Dhabi"]
[Date "2018.08.11"]
[Round "5"]
[White "Firouzja, Alireza"]
[Black "Le, Quang Liem"]
[Result "1/2-1/2"]
[WhiteElo "2561"]
[BlackElo "2727"]
[Annotator "TA"]
[PlyCount "89"]
[EventDate "2018.08.05"]
[EventType "swiss"]
[EventCountry "UAE"]
[SourceTitle "playchess.com"]
[Source "ChessBase"]
[SourceQuality "1"]

1. e4 c5 2. Nf3 e6 3. d4 cxd4 4. Nxd4 Nc6 5. Nc3 Qc7 6. g3 a6 7. Bg2 Nf6 8. O-O h5 9. Re1 Nxd4 10. Qxd4 Bc5 11. Bf4 d6 12. Qd2 Ng4 13. Re2 O-O 14. Rd1 Ne5 15. Na4 Ba7 16. b3 b5 17. Nb2 Bb8 18. c4 Bb7 19. Qc3 Ba7 20. Red2 Rad8 21. Bxe5 dxe5 22. Rxd8 Rxd8 23. Rxd8+ Qxd8 24. c5 Qd4 25. Qxd4 exd4 26. Nd3 e5 27. b4 Bb8 28. f3 Bc8 29. Nb2 Bd7 30. h3 Bc7 31. a3 g6 32. Nd3 Kg7 33. h4 Bc6 34. Bh3 f5 35. Nf2 Kf6 36. g4 fxg4 37. fxg4 Ke7 38. g5 Bd7 39. Bxd7 Kxd7 40. Kf1 Kc6 41. Ke2 Kd7 42. Kd3 Bd8 43. Nh1 Be7 44. Ng3 Bf8 45. Nf1 1/2-1/2

[Event "25th Abu Dhabi Master 2018"]
[Site "Abu Dhabi"]
[Date "2018.08.11"]
[Round "5"]
[White "Nihal Sarin"]
[Black "Cheparinov, Ivan"]
[Result "1/2-1/2"]
[WhiteElo "2556"]
[BlackElo "2718"]
[Annotator "TA"]
[PlyCount "107"]
[EventDate "2018.08.05"]
[EventType "swiss"]
[EventCountry "UAE"]
[SourceTitle "playchess.com"]
[Source "ChessBase"]
[SourceQuality "1"]

1. e4 c5 2. Nf3 d6 3. d4 cxd4 4. Nxd4 Nf6 5. Nc3 a6 6. h3 e6 7. g4 Nfd7 8. g5 Be7 9. h4 b5 10. a3 Bb7 11. Be3 Nc6 12. Nxc6 Bxc6 13. Qd4 O-O 14. O-O-O Rb8 15. h5 Nc5 16. f3 Bxg5 17. Rg1 e5 18. Bxg5 exd4 19. Bxd8 Rfxd8 20. Rxd4 Ne6 21. Rd2 Kf8 22. Ne2 b4 23. axb4 d5 24. Nd4 Nxd4 25. Rxd4 dxe4 26. Rxd8+ Rxd8 27. fxe4 Bb7 28. Bd3 Rd4 29. b5 axb5 30. Kd2 h6 31. Ke3 Ra4 32. Rf1 Bc8 33. Bxb5 Rb4 34. Bc6 Rxb2 35. Bd5 Rxc2 36. Rxf7+ Ke8 37. Rxg7 Rh2 38. Rh7 Bg4 39. Kf4 Bxh5 40. Rxh6 Rh3 41. Be6 Rh1 42. Rh8+ Ke7 43. Ke5 Bf3 44. Ra8 Rh5+ 45. Bf5 Rh6 46. Ra7+ Kf8 47. Kf4 Bd1 48. Rb7 Bc2 49. Ke5 Ra6 50. Rc7 Bb1 51. Rc1 Rb6 52. Rd1 Ke7 53. Rd7+ Ke8 54. Rd6 1/2-1/2

[Event "25th Abu Dhabi Master 2018"]
[Site "Abu Dhabi"]
[Date "2018.08.11"]
[Round "5"]
[White "Debashis, Das"]
[Black "Vocaturo, Daniele"]
[Result "0-1"]
[WhiteElo "2539"]
[BlackElo "2617"]
[Annotator "TA"]
[PlyCount "81"]
[EventDate "2018.08.05"]
[EventType "swiss"]
[EventCountry "UAE"]
[SourceTitle "playchess.com"]
[Source "ChessBase"]
[SourceQuality "1"]

1. d4 Nf6 2. c4 c5 3. d5 g6 4. Nc3 Bg7 5. Nf3 O-O 6. e4 d6 7. Be2 e6 8. Nd2 Na6 9. O-O Nc7 10. Re1 e5 11. Rb1 Bh6 12. a3 Nd7 13. b4 b6 14. Rb3 Ne8 15. Qc2 Ng7 16. Rb1 f5 17. Qa4 Nf6 18. bxc5 dxc5 19. Qc2 Bf4 20. Rb2 fxe4 21. Ndxe4 Nxe4 22. Nxe4 Nf5 23. Ng3 Nd4 24. Qd1 Qh4 25. Be3 Bd7 26. Bd3 Rae8 27. a4 Rf6 28. a5 g5 29. Bxd4 cxd4 30. axb6 axb6 31. Be4 g4 32. c5 Rh6 33. c6 Bc8 34. Kf1 Qxh2 35. Bf5 Ba6+ 36. Bd3 Bxg3 37. Bxa6 Qh1+ 38. Ke2 Qxg2 39. Kd3 Bxf2 40. Kc4 Rd6 41. Kb4 0-1

[Event "25th Abu Dhabi Master 2018"]
[Site "Abu Dhabi"]
[Date "2018.08.11"]
[Round "5"]
[White "Aryan, Chopra"]
[Black "Omar, Noaman"]
[Result "*"]
[WhiteElo "2536"]
[BlackElo "2353"]
[Annotator "TA"]
[PlyCount "20"]
[EventDate "2018.08.05"]
[EventType "swiss"]
[EventCountry "UAE"]
[SourceTitle "playchess.com"]
[Source "ChessBase"]
[SourceQuality "1"]

1. e4 c6 2. d4 d5 3. e5 Bf5 4. h4 c5 5. dxc5 Nc6 6. Bb5 Qc7 7. Qxd5 e6 8. Qd4 Rd8 9. Qc3 a6 10. Ba4 Rd5 *